Najlepšie obce a mestá podľa webových stránok a poskytovania informácií

Zostavenie rebríčka, ktorý uskutočňuje Transparency International Slovensko, podľa ktorej sa zisťuje transparentnosť a zodpovedajúce informovanie činností jednotlivých samospráv na Slovensku.

Salvato in:
Dettagli Bibliografici
Autore principale: Krištofičová, Dagmar
Natura: Capitolo di libro
Lingua:slovacco
Soggetti:
Tags: Aggiungi Tag
Nessun Tag, puoi essere il primo ad aggiungerne!!

MARC

LEADER 00000naa a2200000 4500
001 0194132
005 20231005103714.8
041 0 |a slo 
044 |a SK 
245 1 0 |a Najlepšie obce a mestá podľa webových stránok a poskytovania informácií  |c Dagmar Krištofičová 
520 |a Zostavenie rebríčka, ktorý uskutočňuje Transparency International Slovensko, podľa ktorej sa zisťuje transparentnosť a zodpovedajúce informovanie činností jednotlivých samospráv na Slovensku. 
610 2 0 |a správa verejná 
610 2 0 |a samospráva 
610 2 0 |a ekonomika komunálna 
610 2 0 |a financie komunálne 
610 2 0 |a kontrola verejná 
610 2 0 |a transparentnosť 
100 1 |a Krištofičová, Dagmar